00850nam a2200193 a 450000100100000000500170001000800410002704000250006810000380009324500510013126000400018230000300022250000420025204900090029495201200030395201050042395201110052899900170063900003076120200930062508.0110527s20uu dr c 000 0 spa d aDO-SdBNPbspacBNPHU1 aRosa, Silvano de lad1984-92676913aUn padre muere del sida /cSilvano de la Rosa. a[Santo Domingo] :b[s.n.],c[200?]. a28 p. :bretrs. ;c22 cm. aIncluye datos biográficos del autor aBNPD 001054708DSaGRbGRcCTd2011-05-30iLF1l0o p30761-30r2020-06-25te. 3w2020-06-25yLFDSZPréstamo en sala 0010718PDaPDbPDcCTd2011-05-27iLF1l0o p30761-10r2020-06-25w2020-06-25yLFPDZNo se presta 0010718PDaPDbPDcCTd2011-05-30iLF1l0o p30761-20r2020-06-25te. 2w2020-06-25yLFPDZNo se presta c30253d30253